Catálogo
 En Linea

Aguas turbias : (Registro nro. 35832)

Detalles MARC
000 -CABECERA
campo de control de longitud fija 00425nam a2200145 a 4500
001 - NÚMERO DE CONTROL
campo de control 000036341
005 - FECHA Y HORA DE LA ÚLTIMA TRANSACCIÓN
campo de control 20200930075658.0
008 - DATOS DE LONGITUD FIJA--INFORMACIÓN GENERAL
campo de control de longitud fija 120113s1955 ck 000 0 spa d
040 ## - FUENTE DE LA CATALOGACIÓN
Centro catalogador/agencia de origen DO-SdBNP
Lengua de catalogación spa
Centro/agencia transcriptor BNPHU
082 ## - NÚMERO DE LA CLASIFICACIÓN DECIMAL DEWEY
Número de clasificación xxx
Número de documento/Ítem J37
100 1# - ENTRADA PRINCIPAL--NOMBRE DE PERSONA
Nombre de persona Jaramillo Angel, Rodolfo
9 (RLIN) 62510
245 10 - MENCIÓN DE TÍTULO
Título Aguas turbias :
Resto del título (Cuentos) /
Mención de responsabilidad, etc. Rodolfo Jaramillo angel.
260 ## - PUBLICACIÓN, DISTRIBUCIÓN, ETC.
Lugar de publicación, distribución, etc. Calarcá, Colombia :
Nombre del editor, distribuidor, etc. Epoca,
Fecha de publicación, distribución, etc. 1955.
300 ## - DESCRIPCIÓN FÍSICA
Extensión 130 p. ;
Dimensiones 18 cm.
Existencias
Estado de retiro Estado de pérdida Restricciones de uso No para préstamo Código de colección Localización permanente Ubicación/localización actual Ubicación en estantería Fecha de adquisición Número de inventario Total de préstamos Signatura topográfica completa Código de barras Fecha visto por última vez Precio válido a partir de Tipo de ítem Koha
      Excluido de préstamo Raros y valiosos General General En catalogación 13.01.2012 LF1   xxx J37 36342-10 25.06.2020 25.06.2020 No se presta

Con tecnología Koha